Catálogo - Centro de Recursos para el Aprendizaje y la Investigación

Volver al Sitio - CRAI Biblioteca

Aspectos cruciales de la innovación educativa / (Registro nro. 113635)

Detalles MARC
000 -CABECERA
campo de control de longitud fija 05028nam a22005897a 4500
001 - NÚMERO DE CONTROL
campo de control 113633
003 - IDENTIFICADOR DEL NÚMERO DE CONTROL
campo de control DR-UNIBE
005 - FECHA Y HORA DE LA ÚLTIMA TRANSACCIÓN
campo de control 20251022062602.0
008 - DATOS DE LONGITUD FIJA--INFORMACIÓN GENERAL
campo de control de longitud fija 250515b2024 sp ||||| |||| 00| 0 spa d
020 ## - NÚMERO INTERNACIONAL ESTÁNDAR DEL LIBRO
Número Internacional Estándar del Libro 9788427732148
040 ## - FUENTE DE LA CATALOGACIÓN
Centro catalogador/agencia de origen BIBLIOTECA UNIBE
Centro/agencia transcriptor BIBLIOTECA UNIBE
Normas de descripción rda
041 ## - CÓDIGO DE LENGUA
Código de lengua del texto/banda sonora o título independiente spa
082 ## - NÚMERO DE LA CLASIFICACIÓN DECIMAL DEWEY
Número de clasificación 370.11 E24
245 10 - MENCIÓN DE TÍTULO
Título Aspectos cruciales de la innovación educativa /
Mención de responsabilidad, etc. José Enrique Anguita Osuma [y otros veinticinco]
260 ## - PUBLICACIÓN, DISTRIBUCIÓN, ETC.
Lugar de publicación, distribución, etc. Madrid :
Nombre del editor, distribuidor, etc. Narcea,
Fecha de publicación, distribución, etc. 2024
300 ## - DESCRIPCIÓN FÍSICA
Extensión 218 páginas
490 ## - MENCIÓN DE SERIE
Mención de serie Colección nuevas aportaciones
505 ## - NOTA DE CONTENIDO CON FORMATO
Nota de contenido con formato 1. Innovación educativa e investigación a partir de la LOSU desde una perspectiva práctica y centrándose en la URJC de Madrid |<br/>2. Modelo práctico de implementación de la sostenibilidad en el contexto educativo dominicano |<br/>3. El cine como herramienta para trabajar el apego emocional en educación primaria |<br/>4. La introspección en educación. El impacto de la introspección en el bienestar psicológico de estudiantes universitarios. *<br/>5. Desarrollo y validación de IFAEU, instrumento para analizar la elección universitaria en México. *<br/>6. Propuesta interdisciplinar para la enseñanza del valor de la corresponsabilidad. Integración de música y valores en una propuesta didáctica. *<br/>7. Integración real y propuesta práctica de implementación ABP-STEAM en el ecosistema de Doñana |<br/>8. La teoría de las inteligencias múltiples y la enseñanza de las matemáticas mediante el juego |<br/>9. Estrategias para fomentar el aprendizaje y el sentido de pertenencia a la clase. *<br/>10. El uso de narrativas digitales para la enseñanza de las ciencias |<br/>11. Análisis del discurso antirracista en el contexto educativo brasileño |<br/>12. Modelo de evaluación como herramienta de aprendizaje |<br/>
520 3# - SUMARIO, ETC.
Sumario, etc. El libro se presenta como una herramienta fundamental para la transformación educativa, combinando la solidez académica con la practicidad necesaria para su implementación en contextos educativos reales. Hoy en día, los maestros y educadores necesitan una formación inicial y continua de alto nivel para desarrollar competencias pedagógicas y tecnológicas, actualizar conocimientos, aplicar técnicas de motivación y gestión emocional, gestionar la diversidad en las aulas, dominar la estructura de los sistemas educativos y los recursos, entre otras competencias.<br/><br/>En este manual se recogen investigaciones innovadoras en distintos ámbitos educativos, con un enfoque multidisciplinar e internacional. Abarca didácticas de matemáticas, ciencias experimentales, ciencias sociales, humanidades y artes; pone de manifiestos cómo se puede innovar en la enseñanza de estas disciplinas para formar ciudadanos preparados para el futuro.<br/><br/>Este enfoque global, facilitado por la Red Iberoamericana de Formación del Profesorado (REDIAP), lo convierte en un recurso valioso para la formación continua y el desarrollo profesional docente en el contexto globalizado actual.<br/><br/>La obra representa una contribución significativa al campo de la innovación educativa, proporcionando no solo un marco teórico sólido, sino también herramientas prácticas para la mejora de la calidad educativa en diferentes contextos y niveles de enseñanza.<br/>
650 #7 - PUNTO DE ACCESO ADICIONAL DE MATERIA--TÉRMINO DE MATERIA
Fuente del encabezamiento o término lemb
Término de materia o nombre geográfico como elemento de entrada Enseñanza
650 #7 - PUNTO DE ACCESO ADICIONAL DE MATERIA--TÉRMINO DE MATERIA
Fuente del encabezamiento o término lemb
Término de materia o nombre geográfico como elemento de entrada Innovaciones educativas
650 #7 - PUNTO DE ACCESO ADICIONAL DE MATERIA--TÉRMINO DE MATERIA
Fuente del encabezamiento o término lemb
Término de materia o nombre geográfico como elemento de entrada Docencia
9 (RLIN) 97841
700 ## - PUNTO DE ACCESO ADICIONAL--NOMBRE DE PERSONA
Nombre de persona Arroyo Martínez, Laura
Término indicativo de función/relación editor
9 (RLIN) 195456
700 ## - PUNTO DE ACCESO ADICIONAL--NOMBRE DE PERSONA
Nombre de persona Fernández de Castro de León, Javier
Término indicativo de función/relación editor
9 (RLIN) 195457
700 1# - PUNTO DE ACCESO ADICIONAL--NOMBRE DE PERSONA
Nombre de persona Anguita Osuna, José Enrique
Término indicativo de función/relación autor
9 (RLIN) 195459
700 1# - PUNTO DE ACCESO ADICIONAL--NOMBRE DE PERSONA
Nombre de persona Añaños Bedriñana, Karen Giovanna
Término indicativo de función/relación autor
9 (RLIN) 195460
700 1# - PUNTO DE ACCESO ADICIONAL--NOMBRE DE PERSONA
Nombre de persona Arsuaga Ferreras, Jesús María
Término indicativo de función/relación autor
9 (RLIN) 195461
700 1# - PUNTO DE ACCESO ADICIONAL--NOMBRE DE PERSONA
Nombre de persona Bertot Triana, Harold
Término indicativo de función/relación autor
9 (RLIN) 195462
700 1# - PUNTO DE ACCESO ADICIONAL--NOMBRE DE PERSONA
Nombre de persona Brunet, María Alejandra
Término indicativo de función/relación autor
9 (RLIN) 195463
700 1# - PUNTO DE ACCESO ADICIONAL--NOMBRE DE PERSONA
Nombre de persona Cabanillas Gordillo, Carmen
Término indicativo de función/relación autor
9 (RLIN) 195464
700 1# - PUNTO DE ACCESO ADICIONAL--NOMBRE DE PERSONA
Nombre de persona Cachán Ferrer, María Obdulia
Término indicativo de función/relación autor
9 (RLIN) 195465
700 1# - PUNTO DE ACCESO ADICIONAL--NOMBRE DE PERSONA
Nombre de persona Catalá Mesón, Patricia
Término indicativo de función/relación autor
9 (RLIN) 195466
700 1# - PUNTO DE ACCESO ADICIONAL--NOMBRE DE PERSONA
Nombre de persona Chavarría Pérez, Cristina
Término indicativo de función/relación autor
9 (RLIN) 195467
700 1# - PUNTO DE ACCESO ADICIONAL--NOMBRE DE PERSONA
Nombre de persona Colonhesi Berenguel, Ligia
Término indicativo de función/relación autor
9 (RLIN) 195468
700 ## - PUNTO DE ACCESO ADICIONAL--NOMBRE DE PERSONA
Nombre de persona Díaz Barrado, Cástor Miguel
Término indicativo de función/relación autor
9 (RLIN) 195469
700 1# - PUNTO DE ACCESO ADICIONAL--NOMBRE DE PERSONA
Nombre de persona Díaz-Galán, Elena C.
Término indicativo de función/relación autor
9 (RLIN) 195470
700 1# - PUNTO DE ACCESO ADICIONAL--NOMBRE DE PERSONA
Nombre de persona Fernández-Ulloa, Teresa
Término indicativo de función/relación autor
9 (RLIN) 195471
700 1# - PUNTO DE ACCESO ADICIONAL--NOMBRE DE PERSONA
Nombre de persona Gago Martín, Claudia
Término indicativo de función/relación autor
9 (RLIN) 195472
700 1# - PUNTO DE ACCESO ADICIONAL--NOMBRE DE PERSONA
Nombre de persona Ghiuro Passarelli, Lilian María
Término indicativo de función/relación autor
9 (RLIN) 195473
700 1# - PUNTO DE ACCESO ADICIONAL--NOMBRE DE PERSONA
Nombre de persona Gutiérrez Hermoso, Lorena
Término indicativo de función/relación autor
9 (RLIN) 195474
700 1# - PUNTO DE ACCESO ADICIONAL--NOMBRE DE PERSONA
Nombre de persona Hervás Escobar, Aránzazu
Término indicativo de función/relación autor
9 (RLIN) 195475
700 1# - PUNTO DE ACCESO ADICIONAL--NOMBRE DE PERSONA
Nombre de persona Marquesi, Sueli Cristina
Término indicativo de función/relación autor
9 (RLIN) 195476
700 1# - PUNTO DE ACCESO ADICIONAL--NOMBRE DE PERSONA
Nombre de persona Melón Jiménez, Pablo
Término indicativo de función/relación autor
9 (RLIN) 195477
700 1# - PUNTO DE ACCESO ADICIONAL--NOMBRE DE PERSONA
Nombre de persona Peñacoba Puente, Cecilia
Término indicativo de función/relación autor
9 (RLIN) 195478
700 1# - PUNTO DE ACCESO ADICIONAL--NOMBRE DE PERSONA
Nombre de persona Portolés Reboul, Miguel
Término indicativo de función/relación autor
9 (RLIN) 195479
700 1# - PUNTO DE ACCESO ADICIONAL--NOMBRE DE PERSONA
Nombre de persona Ruiz Simón, Esther
Término indicativo de función/relación autor
9 (RLIN) 195480
700 1# - PUNTO DE ACCESO ADICIONAL--NOMBRE DE PERSONA
Nombre de persona Santaella Vallejo, Almudena
Término indicativo de función/relación autor
9 (RLIN) 195481
700 1# - PUNTO DE ACCESO ADICIONAL--NOMBRE DE PERSONA
Nombre de persona Soares Aguiar, Andréa Pisan
Término indicativo de función/relación autor
9 (RLIN) 195482
700 1# - PUNTO DE ACCESO ADICIONAL--NOMBRE DE PERSONA
Nombre de persona Soares Rodrigues, Maria das Graças
Término indicativo de función/relación autor
9 (RLIN) 195483
700 1# - PUNTO DE ACCESO ADICIONAL--NOMBRE DE PERSONA
Nombre de persona Soto Díaz, Arcadio
Término indicativo de función/relación autor
9 (RLIN) 195484
942 ## - ELEMENTOS DE PUNTO DE ACCESO ADICIONAL (KOHA)
Fuente del sistema de clasificación o colocación Sistema de Clasificación Decimal Dewey
Tipo de ítem Koha Libro (general)
Existencias
Estado de retiro Estado de pérdida Fuente del sistema de clasificación o colocación No para préstamo Código de colección Localización permanente Fecha de adquisición Total de préstamos Signatura topográfica completa Código de barras Fecha visto por última vez Fecha del último préstamo Número de copia Precio válido a partir de Tipo de ítem Koha
  Disponible Sistema de Clasificación Decimal Dewey   General Biblioteca Central UNIBE 15/05/2025 1 370.11 E24 250598 21/05/2025 21/05/2025 Ej. 1 15/05/2025 Libro (general)